Iowa High Schools - Statistics

General Stats
  • This quiz has been taken 138 times
  • The average score is 58 of 348
Answer Stats
Answer % Correct
Ankeny
58%
Ames
56%
Waukee
55%
Valley
50%
Fort Dodge
47%
Iowa City West
46%
Pella
46%
Waukee Northwest
45%
Dowling
44%
Mason City
44%
Cedar Falls
42%
Central City
42%
Ankeny Centennial
41%
Des Moines East
41%
Des Moines North
41%
Iowa City High
41%
Southeast Polk
41%
Washington
40%
Marshalltown
38%
Ottumwa
38%
Waterloo West
38%
Bettendorf
37%
Indianola
37%
Xavier
37%
Boone
36%
Dallas Center-Grimes
36%
Des Moines Lincoln
36%
Johnston
36%
Des Moines Roosevelt
35%
Linn-Mar
35%
Urbandale
35%
Des Moines Hoover
33%
Keokuk
33%
Mount Pleasant
32%
Newton
32%
Davenport North
31%
Decorah
31%
Perry
31%
Cedar Rapids Kennedy
29%
Clear Creek Amana
29%
Council Bluffs Lincoln
29%
Davenport West
29%
Don Bosco
29%
Marion
29%
Muscatine
29%
Anamosa
28%
Burlington
28%
Grinnell
28%
Lewis Central
28%
North Polk
28%
Pella Christian
28%
Prairie
28%
Sioux City North
28%
ADM
27%
Benton
27%
Carroll
27%
Cedar Rapids Jefferson
27%
Cedar Rapids Washington
27%
Clear Lake
27%
Dubuque Hempstead
27%
North Scott
27%
Oskaloosa
27%
Sioux City East
27%
Ballard
26%
Clinton
26%
Dubuque Senior
26%
Fort Madison
26%
Harlan
26%
Mount Vernon
26%
Winterset
26%
Assumption
24%
Carlisle
24%
Council Bluffs Jefferson
24%
Grundy Center
24%
Independence
24%
Iowa City Liberty
24%
Knoxville
24%
Spencer
24%
Storm Lake
24%
Atlantic
23%
Nevada
23%
North Linn
23%
Regina
23%
Solon
23%
Williamsburg
23%
Albia
22%
Ankeny Christian
22%
Glenwood
22%
Norwalk
22%
Saydel
22%
Sioux Center
22%
Spirit Lake
22%
Waukon
22%
Baxter
21%
Bishop Heelan
21%
Centerville
21%
Colfax-Mingo
21%
Creston
21%
Des Moines Christian
21%
Gilbert
21%
Greene County
21%
LeMars
21%
Okoboji
21%
PCM
21%
South Tama
21%
Vinton-Shellsburg
21%
Webster City
21%
Alburnett
19%
Audubon
19%
BGM
19%
Clarinda
19%
Clarke
19%
Columbus
19%
Davis County
19%
Madrid
19%
Osage
19%
Pleasant Valley
19%
Van Meter
19%
Waverly-Shell Rock
19%
Western Dubuque
19%
ACGC
18%
Algona
18%
Boyden-Hull
18%
Central Lyon
18%
Kuemper
18%
Maqouketa
18%
MOC-Floyd Valley
18%
Rock Valley
18%
Treynor
18%
Wahlert
18%
West Marshall
18%
Woodward-Granger
18%
BCLUW
17%
Cascade
17%
Dike-New Hartford
17%
Dunkerton
17%
Earlham
17%
East Marshall
17%
Fairfield
17%
Lisbon
17%
Melcher-Dallas
17%
Montezuma
17%
Newman
17%
North Tama
17%
Roland-Story
17%
Sheldon
17%
South Hardin
17%
Starmont
17%
Underwood
17%
West Delaware
17%
Aplington-Parkersburg
15%
Chariton
15%
Collins-Maxwell
15%
Davenport Central
15%
Easton Valley
15%
Emmetsburg
15%
Forest City
15%
Hudson
15%
Lamoni
15%
Red Oak
15%
Sigourney
15%
St. Albert
15%
Wapello
15%
West Burlington
15%
West Lyon
15%
AGWSR
14%
Beckman
14%
Bedford
14%
Bellevue
14%
Cardinal
14%
Center Point-Urbana
14%
Central Dewitt
14%
Central Lee
14%
Charles City
14%
East Buchanan
14%
Gladbrook-Reinbeck
14%
Grand View Christian
14%
Highland
14%
Interstate 35
14%
Jesup
14%
Lone Tree
14%
Louisa-Muscatine
14%
Martensdale-St Marys
14%
Monticello
14%
South Hamilton
14%
Springville
14%
St. Edmond
14%
Tipton
14%
Tri-Center
14%
WACO
14%
West Branch
14%
West Central
14%
West Monona
14%
Bishop Garrigan
13%
Colo-Nesco
13%
Denver
13%
Durant
13%
Fremont-Mills
13%
Janesville
13%
Lynnville-Sully
13%
Mediapolis
13%
Missouri Valley
13%
Moravia
13%
Nodaway Valley
13%
North Cedar
13%
Northeast
13%
Ogden
13%
Postville
13%
Southwest Valley
13%
Twin Cedars
13%
West Liberty
13%
West Sioux
13%
Woodbury Central
13%
Burlington Notre Dame
12%
Clayton Ridge
12%
Coon Rapids-Bayard
12%
Crestwood
12%
English Valley
12%
Iowa Valley
12%
Keota
12%
MFL MarMac
12%
Mid-Prairie
12%
OABCIG
12%
Orient-Macksburg
12%
Riverside
12%
Shenandoah
12%
Waterloo Christian
12%
West Hancock
12%
Belle Plaine
10%
CAM
10%
Estherville Lincoln
10%
GMG
10%
Iowa Falls-Alden
10%
Kee
10%
Lake Mills
10%
Logan-Magnolia
10%
Marquette
10%
Midland
10%
North Fayette Valley
10%
Oelwein
10%
Panorama
10%
Remsen St Marys
10%
Southeast Valley
10%
Tri-County
10%
Wapsie Valley
10%
West Harrison
10%
Whiting
10%
Woodward Academy
10%
AHSTW
9%
Alta-Aurelia
9%
Clarion-GoldField-Dows
9%
Danville
9%
East Mills
9%
Hinton
9%
HLV
9%
Mount Ayr
9%
New Hampton
9%
North Mahaska
9%
North Union
9%
Pleasantville
9%
Pocahontas Area
9%
Sergeant Bluff-Luton
9%
Sidney
9%
Southeast Warren
9%
Wayne
9%
West Central Valley
9%
Woodbine
9%
Akron-Westfield
8%
Camanche
8%
Central Springs
8%
Clarksville
8%
Eddyville-Blakesburg-Fremont
8%
Edgewood-Colesburg
8%
Essex
8%
George-Little Rock
8%
Maqouketa Valley
8%
Meskwaki Settlement
8%
MMCRU
8%
New London
8%
North Iowa
8%
Northwood-Kensett
8%
Pekin
8%
Riceville
8%
Sibley-Ocheyedan
8%
Sioux Central
8%
Tripoli
8%
Unity Christian
8%
Valley Lutheran
8%
Boyer Valley
6%
Central Decatur
6%
Central Elkader
6%
Denison-Schleswig
6%
East Union
6%
Griswold
6%
Hartley-Melvin-Sanborn
6%
Holy Trinity
6%
IKM-Manning
6%
Lenox
6%
Murray
6%
Nashua-Plainfield
6%
Newell-Fonda
6%
Ridge View
6%
Stanton
6%
Union Community
6%
Van Buren County
6%
West Fork
6%
Ar-We-Va
5%
Belmond-Klemme
5%
Cherokee Washington
5%
Gehlen
5%
GTRA
5%
Hampton-Dumont-CAL
5%
Hillcrest
5%
Humbolt
5%
Moulton-Udell
5%
Prince of Peace
5%
Rockford
5%
South Winneshiek
5%
Storm Lake St. Marys
5%
West Bend-Mallard
5%
Wilton
5%
Winfield-Mt Union
5%
Cal-Wheat
4%
Cedar Valley Christian
4%
Eagle Grove
4%
Exira-EHK
4%
Glidden-Ralston
4%
Lawton-Bronson
4%
MVAOCCOU
4%
Seymour
4%
Turkey Valley
4%
Bondurant-Frarrar
3%
Clarinda Academy
3%
Colombus Catholic
3%
East Sac County
3%
Mormon Trial
3%
Paton-Churdan
3%
Siouxland Christian
3%
Westwood
3%
Harris-Lake Park
1%
Kingsley-Pearson
1%
Manson-NW Webster
1%
Saint Angsar
1%
South O’Brein
1%
Summer-Fredericksburg
1%
Trinity
1%
Garner Hatfield Ventura
0%
Sioux Central Calhoun
0%
No matching quizzes found
Score Distribution
Percent of People with Each Score
Percentile by Number Answered
Your Score History
You have not taken this quiz